000 00439nam a22001697a 4500
003 NUST - PNEC
005 20170116181009.0
008 150912b xxu||||| |||| 00| 0 eng d
020 _a0273025724
040 _cLIBRARY
082 _a670.427 HAW
100 _99982
_aHawkes, Barry
245 _aThe CADCAM process.
_cBarry Hawkes
260 _cc.1988
650 _99985
_aManufacturing processes--Data processing
_xMIS
942 _2ddc
_cBK
999 _c66987
_d66987